Лучшие тосты и поздравления (Запись № 193821)

Подробности
000 -МАРКЕР
контрольное поле 01010nam0a2200289 4500
001 - ИДЕНТИФИКАТОР ЗАПИСИ
контрольное поле RU\NLR\bibl\1244082
005 - ИДЕНТИФИКАТОР ВЕРСИИ
контрольное поле 20260409072551.0
010 ## - МЕЖДУНАРОДНЫЙ СТАНДАРТНЫЙ НОМЕР КНИГИ (ISBN)
Номер (ISBN) 978-5-699-25242-8
Тираж 10000
021 ## - НОМЕР ГОСУДАРСТВЕННОЙ РЕГИСТРАЦИИ
Код страны российская федерация
Номер 2008-33525
Номер Листа государственной регистраци 1842
035 ## - ДРУГИЕ СИСТЕМНЫЕ НОМЕРА
Идентификатор записи (NLR Aleph) 001230243
100 ## - ДАННЫЕ ОБЩЕЙ ОБРАБОТКИ
Данные общей обработки 20080623d2008 u y0rusy50 ca
101 0# - ЯЗЫК РЕСУРСА
Язык текста, звукозаписи и т.д. русский
102 ## - СТРАНА ПУБЛИКАЦИИ ИЛИ ПРОИЗВОДСТВА
Страна публикации российская федерация
105 ## - ПОЛЕ КОДИРОВАННЫХ ДАННЫХ: ТЕКСТОВЫЕ МАТЕРИАЛЫ, МОНОГРАФИЧЕСКИЕ
Кодированные данные о монографическом текстовом документе y |||||||||
200 1# - ЗАГЛАВИЕ И СВЕДЕНИЯ ОБ ОТВЕТСТВЕННОСТИ
Основное заглавие Лучшие тосты и поздравления
Первые сведения об ответственности [сост.: О. Савельева, В. Вайник]
210 ## - ПУБЛИКАЦИЯ, РАСПРОСТРАНЕНИЕ И ДР.
Место издания, распространения и т.д. Москва
Имя издателя, распространителя и т. д. ЭКСМО
Место издания, распространения и т.д. Санкт-Петербург
Имя издателя, распространителя и т. д. Терция
Дата издания, распространения и т.д. 2008
215 ## - ФИЗИЧЕСКАЯ ХАРАКТЕРИСТИКА
Специфическое обозначение материала и объем 61, [2] с.
Размеры 17
225 1# - СЕРИЯ
Основное заглавие серии Очень просто!
606 ## - НАИМЕНОВАНИЕ ТЕМЫ КАК ПРЕДМЕТ
Наименование темы Тосты (этногр.)
Идентификатор авторитетной/нормативной записи RU\NLR\auth\661059324
Системный номер авторитетной/нормативной записи 1709316
686 ## - ИНДЕКСЫ ДРУГИХ КЛАССИФИКАЦИЙ
Индекс Т52(2=Р)-524.1
702 #1 - ИМЯ ЛИЦА - ВТОРИЧНАЯ ОТВЕТСТВЕННОСТЬ
Код отношения Составитель
Материалы, к которым относится поле rus
Графика поля Кириллица
Начальный элемент ввода Савельева
Часть имени, кроме начального элемента ввода О. К.
Дополнения к именам, кроме дат популяризатор
Идентификатор авторитетной/нормативной записи RU\NLR\AUTH\7769912
Системный номер авторитетной/нормативной записи 52840
801 #0 - ИСТОЧНИК ЗАПИСИ
Страна российская федерация
Организация NLR
Дата составления 20080623
Правила каталогизации RCR
801 #1 - ИСТОЧНИК ЗАПИСИ
Страна российская федерация
Организация NLR
Дата составления 20080623
942 ## - ДОПОЛНИТЕЛЬНЫЕ ЭЛЕМЕНТЫ ЗАПИСИ (АБИС)
Тип экземпляра АБИС Книга
980 ## - КОЛЛЕКЦИЯ
Название коллекции Национальная библиография
Экземпляры
Тип экземпляра Дата поступления Источник поступления Библиотека постоянного хранения Библиотека текущего хранения Место хранения Шифр хранения Штрих-код Статус не для выдачи
Книга 23.06.2008 Обязательный экземпляр РНБ (Московский) РНБ (Московский) Русский книжный фонд: издания с 1957 года, 9этаж 2008-2/2643 2702254  
Книга 23.06.2008 Обязательный экземпляр РНБ (Московский) РНБ (Московский) Русский книжный фонд: издания с 1957 года, 9этаж 2008-2/2643 2702255